书目信息 |
| 题名: |
孰与争锋:海上战争纪实
|
|
| 作者: | 高晓星 编著 | |
| 分册: | ||
| 出版信息: | 哈尔滨 哈尔滨船舶工程学院出版社 1998.08 |
|
| 页数: | 322页 | |
| 开本: | 32开 | |
| 丛书名: | ||
| 单 册: | ||
| 中图分类: | E153 | |
| 科图分类: | ||
| 主题词: | 武装力量--世界 , 军种--世界 , 兵种--世界 | |
| 电子资源: | ||
| ISBN: | 7-81007-881-X | |
| 000 | 00616nam0 2200205 45 | |
| 001 | 0010271012 | |
| 005 | 20001027105715.6 | |
| 010 | @a7-81007-881-X@d18.00CNY | |
| 100 | @a20001027d1998 km y0chiy0120 ea | |
| 101 | 0 | @achi |
| 200 | 1 | @a孰与争锋:海上战争纪实@AShu Yu Zheng Feng:Hai Shang Zhan Zheng Ji Shi@f高晓星编著@FGao Xiao Xing Bian Zhu |
| 210 | @a哈尔滨@c哈尔滨船舶工程学院出版社@d1998.08 | |
| 215 | @a322页@d32开 | |
| 606 | 0 | @a武装力量@x世界 |
| 606 | 0 | @a军种@x世界 |
| 606 | 0 | @a兵种@x世界 |
| 690 | @aE153@v3 | |
| 701 | 0 | @a高晓星@4编著 |
| 801 | @aCN@bPftUser@c20001027 | |
| 905 | @b193141-143@dE153@eG902@f3 | |
| 孰与争锋:海上战争纪实/高晓星编著.-哈尔滨:哈尔滨船舶工程学院出版社,1998.08 |
| 322页;32开 |
| ISBN 7-81007-881-X:18.00CNY |
| ● |
| 相关链接 |
|
|
|
正题名:孰与争锋:海上战争纪实
索取号:E153/G902
 
预约/预借
| 序号 | 登录号 | 条形码 | 馆藏地/架位号 | 状态 | 备注 |
| 1 | 193141 | 201931419 | 社科库509/509社科库 114排1列1层/ [索取号:E153/G902] | 在馆 | |
| 2 | 193142 | 201931428 | 社科库509/509社科库 114排1列1层/ [索取号:E153/G902] | 在馆 | |
| 3 | 193143 | 201931437 | 社科库509/509社科库 114排1列1层/ [索取号:E153/G902] | 在馆 | |
| 4 | 396927 | 203969278 | 社科库509/401自科库 140排2列1层/ [索取号:E153/G902] | 在馆 | |
| 5 | 396928 | 203969287 | 社科库509/509社科库 114排1列1层/ [索取号:E153/G902] | 在馆 | |
| 6 | 396929 | 203969296 | 社科库509/509社科库 114排1列1层/ [索取号:E153/G902] | 在馆 |